01018nam a22002777a 45000010005000000030006000050050017000110080041000280200018000690400029000870500018001160820011001341000017001452450049001622600042002113000048002534900033003015050007003345200146003415210029004875210020005166500033005369420015005699990015005849520141005996720FISKH20250522115926.0250522b cb ||||| |||| 00| 0 eng d a9781435831230 aFISKHbengcFISKHdFISKH aQH541.S35 K56 a577.69 aKing, Zelda  aExamining tide pool habitats /c Zelda King  aNew York : bPower Kids Press, c2009 a24 pages : bcolor illustrations ; c23 cm  aGraphic Organizers: Habitats aR  aThe vibrant animals and plants of tide pools are dynamically presented through graphic organizers, accessible text, and colorful photographs.8 a660 bLexile estimate 8 aR bRaz-PlusKSP aHabitats-OceanvLife science 2ddccBKn0 c6720d6720 00102ddc40708NFICa001b001cTK Oranged2025-05-22l0oKIN 577.69 QH541.S35 K56 pFISTK02258r2025-05-22 11:59:03t1w2025-05-22yBK